Vật lý thống kê

Sách trình bày những khái niệm cơ bản của vật lý thống kê, một số vấn đề của vật lý thống kê các quá trình cân bằng và không cân bằng, một số phương pháp lý thuyết trường lượng tử cho các hệ nhiều hạt trong vật lý thống kê....

Full description

Saved in:
Bibliographic Details
Main Author: Nguyễn, Quang Báu
Format: Book
Language:Undetermined
Published: Hà Nội Đại học Quốc gia Hà Nội 1998
Subjects:
Tags: Add Tag
No Tags, Be the first to tag this record!
Institutions: Trung tâm Học liệu Trường Đại học Cần Thơ
LEADER 00986nam a2200193Ia 4500
001 CTU_32901
008 210402s9999 xx 000 0 und d
082 |a 530.13 
082 |b B111 
100 |a Nguyễn, Quang Báu 
245 0 |a Vật lý thống kê 
245 0 |c Nguyễn Quang Báu, Bùi Bằng Đoan, Nguyễn Văn Hùng 
260 |a Hà Nội 
260 |b Đại học Quốc gia Hà Nội 
260 |c 1998 
520 |a Sách trình bày những khái niệm cơ bản của vật lý thống kê, một số vấn đề của vật lý thống kê các quá trình cân bằng và không cân bằng, một số phương pháp lý thuyết trường lượng tử cho các hệ nhiều hạt trong vật lý thống kê. 
650 |a Statistical mechanics,Vật lý thống kê 
904 |i Trọng Hải 
980 |a Trung tâm Học liệu Trường Đại học Cần Thơ